header

MPLS-enabled applications (Record no. 223519)

MARC details
000 -LEADER
fixed length control field 01381nam a2200337Ia 4500
100 1# - MAIN ENTRY--AUTHOR NAME
Personal name Minei, Ina.
245 10 - TITLE STATEMENT
Title MPLS-enabled applications
250 ## - EDITION STATEMENT
Edition statement 3rd ed.
260 ## - PUBLICATION, DISTRIBUTION, ETC. (IMPRINT)
Place of publication Chichester, England ;
-- Hoboken, NJ :
Name of publisher Wiley,
Year of publication c2011.
300 ## - PHYSICAL DESCRIPTION
Number of Pages xxxiii, 593 p. :
Other physical details ill.
490 1# - SERIES STATEMENT
Series statement Wiley series in communications networking & distributed systems
650 #0 - SUBJECT ADDED ENTRY--TOPICAL TERM
Topical Term MPLS standard.
Topical Term Extranets (Computer networks)
700 1# - ADDED ENTRY--PERSONAL NAME
Personal name Lucek, Julian.
856 40 - ELECTRONIC LOCATION AND ACCESS
Uniform Resource Identifier http://site.ebrary.com/lib/rucke/Doc?id=10510542

No items available.

© 2026 Rongo University
Contact us: librarian | system librarian | Rongo university